Boston... or San Francisco? - Statistics

General Stats
  • This quiz has been taken 20,172 times
  • The average score is 12 of 15
Answer Stats
Question Answer % Correct
Lies on the Pacific Ocean San Francisco
98%
Is further north Boston
97%
Is a state capital Boston
97%
Was devastated by an earthquake in 1906 San Francisco
97%
Was founded by the Spanish San Francisco
95%
Is known as "The City by the Bay" San Francisco
91%
Twitter has its headquarters there San Francisco
91%
Its main airport is Logan International Airport Boston
88%
"Wicked" is a common word in the local dialect Boston
82%
Mark Wahlberg was born there Boston
78%
Was the site of the "Summer of Love" in 1967 San Francisco
78%
Members of its upper class are known as "Brahmins" Boston
76%
Is the setting of the movie "The Maltese Falcon" San Francisco
65%
Beacon Hill is one its neighborhoods Boston
62%
The UN charter was adopted there in 1945 San Francisco
42%
No matching quizzes found
Score Distribution
Percent of People with Each Score
Percentile by Number Answered
Your Score History
You have not taken this quiz